Only 10 US States on the Map #2 - Statistics

General Stats
  • This quiz has been taken 467 times
  • The average score is 9 of 10
Answers on the Map
Answers color-coded by a green-red scale on the quiz's map according to % correct below.
 
Answer Stats
State % Correct
California
100%
Hawaii
99%
Maine
97%
Louisiana
95%
Oklahoma
95%
Vermont
94%
Ohio
93%
Wyoming
93%
Minnesota
91%
Missouri
88%
No matching quizzes found
Score Distribution
Percent of People with Each Score
Percentile by Number Answered
Your Score History
You have not taken this quiz